000 00574nam a2200229Ia 4500
003 0100
008 130303s9999 xx 000 0 und d
020 _a0877934606
040 _cARRUPELIB
050 _aBX2179.L8B27 1991
100 _aBarry, William A
245 _aFinding God in All Things
245 _ba companion to the Spiritual Exercises of ST. Ignatius
260 _aNotre Dame, Indiana
260 _bAve Maria Press
260 _C1991
300 _a140p.
300 _b 24cm.
650 _bSocial ethics
650 _cUtilitarianism
942 0 0 _02
999 _c20093
_d20093